[Event "Titled Tuesday intern op 20th Jun Early"]
[Site "Chess.com INT"]
[Date "2023.06.20"]
[Round "6"]
[White "Masruri, Rahman"]
[Black "Garcia, Erick G"]
[Result "1/2-1/2"]
[WhiteElo "2299"]
[BlackElo "2142"]
[PlyCount "142"]
[EventDate "2023.06.20"]
[EventType "swiss (blitz)"]
[EventRounds "11"]
[EventCountry "USA"]
[SourceTitle "EXT 2024"]
[Source "ChessBase"]
[SourceDate "2023.10.10"]
[SourceVersion "1"]
[SourceVersionDate "2023.10.10"]
[SourceQuality "1"]

1. d4 Nf6 2. Bf4 d5 3. e3 c5 4. Nc3 a6 5. Nf3 Nc6 6. dxc5 e6 7. Na4 Nd7 8. c4 Qa5+ 9. Nc3 Nxc5 10. cxd5 exd5 11. Be2 Ne4 12. 0-0 Nxc3 13. bxc3 Be7 14. c4 dxc4 15. Bxc4 0-0 16. e4 Bg4 17. Qb3 Rac8 18. Bd5 b5 19. Bxc6 Bxf3 20. Bb7 Be2 21. Rfe1 Bc4 22. Qg3 Rcd8 23. Bh6 g6 24. Bxf8 Bxf8 25. Bd5 Bxd5 26. exd5 Rxd5 27. Qf3 Rf5 28. Qd3 Bc5 29. Re2 Qb6 30. Rf1 h5 31. g3 b4 32. Kg2 a5 33. f4 Kg7 34. Re5 Rf6 35. Qc4 Bf8 36. Rc1 a4 37. Rb5 Qe3 38. Re5 Qd2+ 39. Re2 Qd7 40. Rcc2 h4 41. Red2 Qg4 42. Qe2 Qf5 43. Qf3 Re6 44. Re2 Rb6 45. Qe4 Qxe4+ 46. Rxe4 b3 47. axb3 axb3 48. Rb2 Ba3 49. Rb1 b2 50. Re3 Bc5 51. Rd3 Be7 52. Rd2 hxg3 53. hxg3 Bf6 54. g4 Rb3 55. g5 Bc3 56. Rd3 f6 57. Kf3 fxg5 58. fxg5 Kf7 59. Ke4 Ke6 60. Re3 Rb4+ 61. Kd3+ Be5 62. Kc2 Rc4+ 63. Kb3 Rc8 64. Rbe1 Rc5 65. Ka2 Ra5+ 66. Kb3 Rb5+ 67. Kc2 Rc5+ 68. Kb1 Ra5 69. Kc2 Rc5+ 70. Kb1 Ra5 71. Kc2 Rc5+ 1/2-1/2

[Event "Titled Tuesday intern op 20th Jun Early"]
[Site "Chess.com INT"]
[Date "2023.06.20"]
[Round "1"]
[White "Terry, Renato"]
[Black "Garcia, Erick G"]
[Result "1-0"]
[WhiteElo "2520"]
[BlackElo "2142"]
[PlyCount "105"]
[EventDate "2023.06.20"]
[EventType "swiss (blitz)"]
[EventRounds "11"]
[EventCountry "USA"]
[SourceTitle "EXT 2024"]
[Source "ChessBase"]
[SourceDate "2023.10.10"]
[SourceVersion "1"]
[SourceVersionDate "2023.10.10"]
[SourceQuality "1"]

1. d4 Nf6 2. Nf3 d5 3. c4 e6 4. Nc3 c5 5. dxc5 Bxc5 6. e3 Nc6 7. a3 0-0 8. b4 Be7 9. Bb2 dxc4 10. Qc2 a6 11. Bxc4 b5 12. Bd3 Bb7 13. Rd1 Qb6 14. 0-0 Rac8 15. Qb1 Rfd8 16. Ne4 Nxe4 17. Bxe4 h6 18. Qa1 Bf8 19. h3 a5 20. bxa5 Nxa5 21. Bd4 Qa6 22. Bxb7 Qxb7 23. Rb1 Qd5 24. Bb6 Nc4 25. Bxd8 Qxd8 26. Rxb5 Nxa3 27. Rb7 Nc4 28. Rd1 Qa5 29. Qxa5 Nxa5 30. Ra7 Nc6 31. Rad7 Nb4 32. Rd8 Rxd8 33. Rxd8 Nc6 34. Rc8 Ne7 35. Ra8 Ng6 36. Nd4 Kh7 37. Ra7 Kg8 38. Nc6 Bd6 39. Kf1 Ne5 40. Nxe5 Bxe5 41. Ke2 h5 42. f4 Bf6 43. g4 hxg4 44. hxg4 g5 45. Kf3 Kg7 46. Ke4 Kg6 47. Ra6 Kg7 48. f5 exf5+ 49. Kxf5 Bd8 50. e4 Be7 51. e5 Bd8 52. Ra8 Bc7 53. Rc8 1-0

[Event "Titled Tuesday intern op 06th Jun Late"]
[Site "Chess.com INT"]
[Date "2023.06.06"]
[Round "1"]
[White "Cardozo, D Cesar G"]
[Black "Garcia, Erick G"]
[Result "0-1"]
[WhiteElo "2043"]
[BlackElo "2142"]
[PlyCount "38"]
[EventDate "2023.06.06"]
[EventType "swiss (blitz)"]
[EventRounds "11"]
[EventCountry "USA"]
[SourceTitle "EXT 2024"]
[Source "ChessBase"]
[SourceDate "2023.10.10"]
[SourceVersion "1"]
[SourceVersionDate "2023.10.10"]
[SourceQuality "1"]

1. e4 e5 2. Nf3 Nc6 3. Bc4 Bc5 4. 0-0 Nf6 5. Nc3 d6 6. h3 h6 7. a3 a6 8. b4 Ba7 9. d3 g5 10. Be3 g4 11. hxg4 Bxg4 12. Bxa7 Rxa7 13. Nb1 Rg8 14. Nbd2 Nh5 15. Qb1 Qf6 16. Ne1 Be2 17. Qb3 Qg6 18. b5 Nd4 19. Kh1 Nxb3 0-1

[Event "Titled Tuesday intern op 20th Dec Early"]
[Site "Chess.com INT"]
[Date "2022.12.20"]
[Round "4"]
[White "Bachmann, Axel"]
[Black "Garcia, Erick G"]
[Result "1-0"]
[WhiteElo "2618"]
[BlackElo "2146"]
[PlyCount "103"]
[EventDate "2022.12.20"]
[EventType "swiss (blitz)"]
[EventRounds "11"]
[EventCountry "USA"]
[SourceTitle "EXT 2024"]
[Source "ChessBase"]
[SourceDate "2023.10.10"]
[SourceVersion "1"]
[SourceVersionDate "2023.10.10"]
[SourceQuality "1"]

1. Nf3 d5 2. e3 Nf6 3. c4 e6 4. b3 Be7 5. Bb2 0-0 6. Nc3 b6 7. cxd5 exd5 8. Rc1 Bb7 9. d4 a6 10. g3 Bd6 11. Bg2 Nbd7 12. 0-0 Re8 13. Re1 c5 14. dxc5 bxc5 15. Nh4 Nb6 16. a4 a5 17. Nb5 Bf8 18. Bxf6 Qxf6 19. Nc7 Qc6 20. Nxe8 Rxe8 21. Qd2 Ra8 22. Red1 g6 23. Nf3 Qd6 24. Ne1 Qc7 25. Nd3 c4 26. bxc4 dxc4 27. Bxb7 Qxb7 28. Nf4 Qc6 29. Nd5 Nxa4 30. Qd4 c3 31. Nxc3 Nxc3 32. Rxc3 Qb7 33. Qd5 Qxd5 34. Rxd5 a4 35. Rc2 a3 36. Ra2 Rb8 37. Rd3 h5 38. h4 Kg7 39. Kg2 Rb5 40. Rd7 Kg8 41. Ra7 Kg7 42. Rc2 Rf5 43. Rcc7 Bb4 44. e4 Rf6 45. e5 Rf5 46. e6 Bc5 47. e7 Rxf2+ 48. Kh3 Bxa7 49. e8Q Bd4 50. Rc8 Kh6 51. Rd8 Bg7 52. Qe3+ 1-0

[Event "Titled Tuesday intern op 20th Dec Early"]
[Site "Chess.com INT"]
[Date "2022.12.20"]
[Round "2"]
[White "Garcia, Erick G"]
[Black "Abasov, Nijat Azad"]
[Result "0-1"]
[WhiteElo "2146"]
[BlackElo "2643"]
[PlyCount "74"]
[EventDate "2022.12.20"]
[EventType "swiss (blitz)"]
[EventRounds "11"]
[EventCountry "USA"]
[SourceTitle "EXT 2024"]
[Source "ChessBase"]
[SourceDate "2023.10.10"]
[SourceVersion "1"]
[SourceVersionDate "2023.10.10"]
[SourceQuality "1"]

1. d4 Nf6 2. c4 e6 3. g3 b6 4. Bg2 c6 5. Nc3 d5 6. cxd5 cxd5 7. e4 dxe4 8. Nxe4 Nd5 9. Ne2 Be7 10. 0-0 0-0 11. h4 Bb7 12. N2c3 Nd7 13. Re1 N7f6 14. Ng5 Nxc3 15. bxc3 Bxg2 16. Kxg2 Rc8 17. Bd2 Qd5+ 18. Qf3 Qxf3+ 19. Kxf3 h6 20. Ne4 Rc4 21. Nxf6+ Bxf6 22. Ke4 Rfc8 23. Kd3 Ra4 24. Reb1 Rd8 25. f4 Bxd4 26. Kc2 Bf2 27. g4 Bxh4 28. Rf1 Be7 29. g5 h5 30. g6 fxg6 31. Rg1 Kf7 32. Rg2 Bf6 33. Kb3 Ra5 34. a4 h4 35. Rag1 h3 36. Rh2 Rd3 37. Kc2 Rf3 0-1

[Event "Titled Tuesday intern op 09th Aug Early"]
[Site "Chess.com INT"]
[Date "2022.08.09"]
[Round "2"]
[White "Bychkov, Vladimir"]
[Black "Garcia, Erick G"]
[Result "1-0"]
[WhiteElo "2280"]
[BlackElo "2146"]
[PlyCount "87"]
[EventDate "2022.08.09"]
[EventType "swiss (blitz)"]
[EventRounds "11"]
[EventCountry "USA"]
[SourceTitle "EXT 2023"]
[Source "ChessBase"]
[SourceDate "2022.10.05"]
[SourceVersion "1"]
[SourceVersionDate "2022.10.05"]
[SourceQuality "1"]

1. c4 Nf6 2. Nc3 e5 3. g3 Bb4 4. Qc2 0-0 5. Bg2 c6 6. a3 Bxc3 7. dxc3 d5 8. cxd5 cxd5 9. Nf3 Nc6 10. Bg5 h6 11. Bxf6 Qxf6 12. Rd1 Be6 13. 0-0 Rfd8 14. b4 Rac8 15. Qb2 e4 16. Nd4 Nxd4 17. Rxd4 Rc7 18. Rc1 Rdc8 19. Qd2 Qe5 20. f3 f5 21. f4 Qf6 22. e3 Kh7 23. Kh1 Qe7 24. Bf1 a5 25. Be2 Qe8 26. Qb2 Qc6 27. bxa5 Ra8 28. Qb4 Qc5 29. Bb5 Bf7 30. Kg2 Qa7 31. a4 Qxa5 32. Qxa5 Rxa5 33. Kf2 Ra8 34. Ke1 g5 35. Kd2 Kg6 36. Rb1 Kf6 37. Be2 Be6 38. Rb6 Rb8 39. Rxd5 Rc6 40. Rdb5 Rd8+ 41. Kc2 Rcd6 42. Rxd6 Rxd6 43. Rxb7 Ra6 44. Bxa6 1-0

[Event "Dulles Cherry Blossom op"]
[Site "Dulles"]
[Date "2022.05.27"]
[Round "2"]
[White "Garcia, Erick G"]
[Black "Chiku Ratte, Olivier Kenta"]
[Result "0-1"]
[WhiteElo "2153"]
[BlackElo "2358"]
[PlyCount "82"]
[EventDate "2022.05.26"]
[EventType "swiss"]
[EventRounds "9"]
[EventCountry "USA"]
[SourceTitle "CBM 208 Extra"]
[Source "ChessBase"]
[SourceDate "2022.07.31"]
[SourceVersion "1"]
[SourceVersionDate "2022.07.31"]
[SourceQuality "1"]

1. d4 Nf6 2. c4 g6 3. g3 Bg7 4. Bg2 0-0 5. Nc3 d6 6. Nf3 c6 7. e4 c5 8. d5 e6 9. 0-0 exd5 10. exd5 Re8 11. Re1 Rxe1+ 12. Qxe1 h6 13. h3 Na6 14. Bf4 Nb4 15. Qd2 g5 16. Be3 Bf5 17. Ne1 Qe7 18. a3 Na6 19. g4 Bg6 20. f3 Re8 21. Bf2 Nd7 22. Nd3 Nc7 23. Re1 Qf8 24. Bg3 Bd4+ 25. Kh2 Rxe1 26. Nxe1 Qe7 27. Bf1 Ne5 28. Kg2 f5 29. Nc2 f4 30. Be1 Nxf3 31. Kxf3 Bxc3 32. Qxc3 Qe4+ 33. Kf2 Qxc2+ 34. Qxc2 Bxc2 35. Ke2 Kf7 36. Kd2 Be4 37. Bf2 Ne8 38. Kc3 Bf3 39. b4 b6 40. Be1 Nf6 41. b5 Ne4+ 0-1

[Event "Dulles Cherry Blossom op"]
[Site "Dulles"]
[Date "2022.05.26"]
[Round "1"]
[White "Shankar, Pranav"]
[Black "Garcia, Erick G"]
[Result "0-1"]
[WhiteElo "1756"]
[BlackElo "2153"]
[PlyCount "62"]
[EventDate "2022.05.26"]
[EventType "swiss"]
[EventRounds "9"]
[EventCountry "USA"]
[SourceTitle "CBM 208 Extra"]
[Source "ChessBase"]
[SourceDate "2022.07.31"]
[SourceVersion "1"]
[SourceVersionDate "2022.07.31"]
[SourceQuality "1"]

1. d4 Nf6 2. c4 e6 3. Nc3 Bb4 4. Qc2 d5 5. a3 Bxc3+ 6. Qxc3 0-0 7. Bg5 dxc4 8. Qxc4 b6 9. Nf3 Ba6 10. Qc3 Qd5 11. Qxc7 Nbd7 12. Bxf6 Nxf6 13. g3 Rfc8 14. Qe5 Qb3 15. Bg2 Qxb2 16. 0-0 Qxe2 17. Rfc1 Rxc1+ 18. Rxc1 Qb2 19. Rc7 Qxa3 20. h3 Rf8 21. Rxa7 Qc1+ 22. Kh2 Bf1 23. Ng5 Bxg2 24. Kxg2 Qc6+ 25. Kg1 h6 26. Rc7 Qd5 27. Nxf7 Rxf7 28. Rc8+ Rf8 29. Rxf8+ Kxf8 30. Qb8+ Kf7 31. Qxb6 Qf5 0-1

[Event "Titled Tuesday intern op 17th May Late"]
[Site "Chess.com INT"]
[Date "2022.05.17"]
[Round "3"]
[White "Motylev, Alexander"]
[Black "Garcia, Erick G"]
[Result "1-0"]
[WhiteElo "2633"]
[BlackElo "2153"]
[PlyCount "75"]
[EventDate "2022.05.17"]
[EventType "swiss (blitz)"]
[EventRounds "11"]
[EventCountry "USA"]
[SourceTitle "CBM 208 Extra"]
[Source "ChessBase"]
[SourceDate "2022.07.31"]
[SourceVersion "1"]
[SourceVersionDate "2022.07.31"]
[SourceQuality "1"]

1. Nf3 d5 2. g3 Nf6 3. Bg2 g6 4. 0-0 Bg7 5. c4 c6 6. Qb3 dxc4 7. Qxc4 0-0 8. Nc3 Nbd7 9. Qh4 Nd5 10. d4 Nxc3 11. bxc3 Nf6 12. e4 Qa5 13. Bd2 Qh5 14. Qxh5 Nxh5 15. e5 Bh8 16. Bh6 Ng7 17. Nd2 Rd8 18. Bg5 Kf8 19. Ne4 Ne6 20. Bh6+ Bg7 21. Bxg7+ Kxg7 22. a4 Nc7 23. a5 Rb8 24. Rfb1 Nb5 25. Rc1 b6 26. Nd2 Bd7 27. Nc4 Be6 28. Ne3 Bd7 29. f4 Be6 30. Kf2 Rbc8 31. Rab1 Bd7 32. Bf1 bxa5 33. Ra1 Rb8 34. Rxa5 Rdc8 35. Nd1 Rc7 36. Rca1 Rbb7 37. Ke3 f6 38. c4 1-0

[Event "Titled Tuesday intern op 09th Nov"]
[Site "Chess.com INT"]
[Date "2021.11.09"]
[Round "11"]
[White "Garcia, Erick G"]
[Black "Martin Carmona, Gaston Manuel"]
[Result "1-0"]
[WhiteElo "2184"]
[BlackElo "2326"]
[PlyCount "69"]
[EventDate "2021.11.09"]
[EventType "swiss (blitz)"]
[EventRounds "11"]
[EventCountry "USA"]
[SourceTitle "CBM 205 Extra"]
[Source "ChessBase"]
[SourceDate "2022.01.31"]
[SourceVersion "1"]
[SourceVersionDate "2022.01.31"]
[SourceQuality "1"]

1. d4 Nf6 2. c4 g6 3. Nc3 Bg7 4. e4 d6 5. Nf3 0-0 6. Be2 e5 7. Be3 exd4 8. Nxd4 Re8 9. f3 c6 10. Bf2 Na6 11. 0-0 Nc5 12. Qd2 a5 13. Rad1 Qc7 14. Qc2 Ne6 15. Nxe6 Bxe6 16. Na4 Nd7 17. b3 f5 18. Bd3 f4 19. Be2 c5 20. Nc3 Be5 21. Nb5 Qc6 22. Qd2 Nf6 23. a4 Red8 24. Qc2 b6 25. Be1 g5 26. Bc3 Rd7 27. Rd2 Rad8 28. Rfd1 Kf7 29. Qb2 Bxc3 30. Nxc3 Re7 31. Nb5 h6 32. Nxd6+ Kg7 33. Nf5+ Bxf5 34. Rxd8 Bg6 35. R8d6 1-0

[Event "Titled Tuesday intern op 09th Nov"]
[Site "Chess.com INT"]
[Date "2021.11.09"]
[Round "2"]
[White "Garcia, Erick G"]
[Black "Nakamura, Hikaru"]
[Result "0-1"]
[WhiteElo "2184"]
[BlackElo "2736"]
[PlyCount "88"]
[EventDate "2021.11.09"]
[EventType "swiss (blitz)"]
[EventRounds "11"]
[EventCountry "USA"]
[SourceTitle "CBM 205 Extra"]
[Source "ChessBase"]
[SourceDate "2022.01.31"]
[SourceVersion "1"]
[SourceVersionDate "2022.01.31"]
[SourceQuality "1"]

1. d4 g6 2. c4 Bg7 3. Nf3 d6 4. e4 Bg4 5. Be2 Nc6 6. Be3 e5 7. d5 Nce7 8. Nfd2 Bd7 9. Nc3 f5 10. f3 Nf6 11. c5 fxe4 12. fxe4 0-0 13. 0-0 Ne8 14. Nc4 Rxf1+ 15. Qxf1 b5 16. cxb6 axb6 17. Qf2 Kh8 18. Rf1 Ng8 19. Nd2 Nef6 20. h3 Qe7 21. Qg3 Rf8 22. Bg5 Qe8 23. Qe3 h5 24. b3 Nh7 25. Bh4 Bh6 26. Qd3 Ngf6 27. Bf2 Qe7 28. Be3 Bxe3+ 29. Qxe3 g5 30. Nf3 Rg8 31. Bb5 g4 32. hxg4 Nxg4 33. Qd2 Bc8 34. Rc1 h4 35. Kh1 Ngf6 36. Rf1 Nh5 37. Ne2 Qg7 38. Rf2 N7f6 39. Bd3 Ng4 40. Rf1 Ng3+ 41. Nxg3 hxg3 42. Kg1 Qh7 43. Rc1 Rf8 44. Kf1 Qh1+ 0-1

[Event "Titled Tuesday intern op 09th Nov"]
[Site "Chess.com INT"]
[Date "2021.11.09"]
[Round "9"]
[White "Garcia, Erick G"]
[Black "Obregon, Carlos Andres"]
[Result "0-1"]
[WhiteElo "2184"]
[BlackElo "2525"]
[PlyCount "122"]
[EventDate "2021.11.09"]
[EventType "swiss (blitz)"]
[EventRounds "11"]
[EventCountry "USA"]
[SourceTitle "CBM 205 Extra"]
[Source "ChessBase"]
[SourceDate "2022.01.31"]
[SourceVersion "1"]
[SourceVersionDate "2022.01.31"]
[SourceQuality "1"]

1. d4 d5 2. c4 dxc4 3. e3 Nf6 4. Bxc4 e6 5. Nf3 c5 6. 0-0 a6 7. dxc5 Bxc5 8. a3 Qxd1 9. Rxd1 b5 10. Be2 Bb7 11. b4 Be7 12. Bb2 Nbd7 13. Nbd2 0-0 14. Rac1 Rfc8 15. Nb3 Bd5 16. Nbd4 Nb6 17. Ne5 Na4 18. Ba1 Ne4 19. Bf3 Bf6 20. Nd7 Be7 21. Ne5 f6 22. Nec6 Bf8 23. Na5 Nac3 24. Re1 f5 25. Bxc3 Nxc3 26. Bxd5 exd5 27. Kf1 g6 28. Rc2 Ne4 29. Rec1 Rxc2 30. Rxc2 Nd6 31. Ke2 Nc4 32. Rc3 Bg7 33. Nac6 Kf7 34. Rd3 Rc8 35. h3 Re8 36. Kf1 h5 37. g3 Rc8 38. Ke2 Bf8 39. Rc3 Bg7 40. Rd3 Rc7 41. f4 Bf6 42. Kf3 Ke8 43. Na5 Nxa5 44. bxa5 Ke7 45. Ke2 Rc4 46. Nb3 Kd6 47. Kd2 Ra4 48. Nd4 Rxa5 49. Nf3 Ra4 50. Kc2 a5 51. Kb3 Rc4 52. Nd4 Bxd4 53. exd4 Rc1 54. h4 Re1 55. Kb2 Re4 56. Kb3 Kc6 57. Kb2 Kb6 58. Kb3 Re2 59. Kc3 a4 60. Rf3 Ka5 61. Rd3 Ra2 0-1

[Event "Philadelphia op 11th"]
[Site "Philadelphia"]
[Date "2017.04.13"]
[Round "3"]
[White "Myers, Dominique"]
[Black "Garcia, Erick G"]
[Result "0-1"]
[WhiteElo "2059"]
[BlackElo "2187"]
[PlyCount "86"]
[EventDate "2017.04.12"]
[EventType "swiss"]
[EventRounds "9"]
[EventCountry "USA"]
[SourceTitle "CBM 177 Extra"]
[Source "ChessBase"]
[SourceDate "2017.04.27"]
[SourceVersion "1"]
[SourceVersionDate "2017.04.27"]
[SourceQuality "1"]

1. e4 e5 2. Bc4 Nf6 3. Nc3 Nc6 4. d3 Na5 5. Qf3 c6 6. Nge2 Nxc4 7. dxc4 d6 8. h3 Be6 9. b3 Be7 10. 0-0 0-0 11. Rd1 Qc7 12. Ng3 Rfd8 13. Bb2 a6 14. a4 b5 15. axb5 axb5 16. cxb5 cxb5 17. Qd3 Rxa1 18. Rxa1 b4 19. Nd5 Bxd5 20. exd5 g6 21. Nf1 Qb7 22. Ne3 Ra8 23. Ra4 Nd7 24. Rxa8+ Qxa8 25. Qb5 Nf6 26. Qxb4 Nxd5 27. Qe4 Nc7 28. Qxa8+ Nxa8 29. Nd5 Bd8 30. Bc3 f5 31. Bb4 Kf7 32. Kf1 Ke6 33. c4 Nb6 34. Nc3 Nd7 35. Na4 e4 36. Ke2 Ne5 37. Bc3 Bc7 38. Ke3 Bd8 39. f4 Nd3 40. g3 g5 41. fxg5 Bxg5+ 42. Kd4 Nc1 43. Be1 Ne2# 0-1

[Event "USA tt"]
[Site "ICC INT"]
[Date "2015.08.25"]
[Round "1"]
[White "Arun, Siddharth"]
[Black "Garcia, Erick G"]
[Result "1/2-1/2"]
[WhiteElo "2056"]
[BlackElo "2153"]
[PlyCount "61"]
[EventDate "2015.08.25"]
[EventType "team-swiss"]
[EventRounds "10"]
[EventCountry "USA"]
[SourceTitle "EXT 2016"]
[Source "ChessBase"]
[SourceDate "2015.10.08"]
[SourceVersion "1"]
[SourceVersionDate "2015.10.08"]
[SourceQuality "1"]
[WhiteTeam "New England"]
[BlackTeam "Philadelphia"]
[WhiteTeamCountry "USA"]
[BlackTeamCountry "USA"]

1. e4 e6 2. d4 d5 3. exd5 exd5 4. Nf3 Bd6 5. c4 Qe7+ 6. Qe2 dxc4 7. Qxe7+ Nxe7 8. Bxc4 0-0 9. Nc3 c6 10. 0-0 Bf5 11. Re1 h6 12. Ne5 Nd7 13. Bf4 Nb6 14. Bb3 Ned5 15. Nxd5 Nxd5 16. Bxd5 cxd5 17. Ng6 Bxg6 18. Bxd6 Rfd8 19. Bf4 Bf5 20. f3 Rac8 21. Rac1 Rxc1 22. Rxc1 Rc8 23. Rxc8+ Bxc8 24. Kf2 Kf8 25. Bd6+ Ke8 26. Ke3 h5 27. h4 f6 28. Kf4 Kf7 29. g4 g6 30. gxh5 gxh5 31. Bb8 1/2-1/2